Countries of the World Quiz and Elements of the Periodic Table - Statistics

General Stats
  • This quiz has been taken 29 times
    25 since last reset
  • The average score is 155 of 314
Answers on the Map
Answers color-coded by a green-red scale on the quiz's map according to % correct below.
 
Answer Stats
% Correct
Canada
93%
United States
93%
Mexico
86%
Australia
79%
Brazil
79%
China
79%
Russia
79%
South Africa
79%
Spain
79%
Bahamas
71%
Central African Republic
71%
Cuba
71%
Denmark
71%
Egypt
71%
Helium
71%
Iceland
71%
Ireland
71%
Ivory Coast
71%
Mongolia
71%
Oxygen
71%
Portugal
71%
United Kingdom
71%
Argentina
64%
Austria
64%
Bolivia
64%
Bulgaria
64%
Chile
64%
Colombia
64%
Costa Rica
64%
Dominica
64%
Dominican Republic
64%
Ecuador
64%
El Salvador
64%
Guatemala
64%
Guyana
64%
Honduras
64%
Hungary
64%
Hydrogen
64%
India
64%
Iran
64%
Iraq
64%
Jamaica
64%
Japan
64%
Kenya
64%
Kuwait
64%
Libya
64%
Madagascar
64%
Mozambique
64%
Nicaragua
64%
Niger
64%
Nigeria
64%
Oman
64%
Panama
64%
Paraguay
64%
Peru
64%
Poland
64%
Rwanda
64%
South Korea
64%
South Sudan
64%
Sudan
64%
Tunisia
64%
Turkey
64%
Turkmenistan
64%
Ukraine
64%
United Arab Emirates
64%
Uruguay
64%
Uzbekistan
64%
Venezuela
64%
Zimbabwe
64%
Afghanistan
57%
Albania
57%
Algeria
57%
Azerbaijan
57%
Bahrain
57%
Barbados
57%
Belgium
57%
Benin
57%
Boron
57%
Botswana
57%
Cambodia
57%
Cameroon
57%
Cape Verde
57%
Carbon
57%
Chad
57%
Croatia
57%
Czech Republic
57%
Democratic Republic of the Congo
57%
Equatorial Guinea
57%
Estonia
57%
Federated States of Micronesia
57%
Fiji
57%
Finland
57%
France
57%
Georgia
57%
Germany
57%
Ghana
57%
Gold
57%
Greece
57%
Haiti
57%
Indonesia
57%
Israel
57%
Italy
57%
Jordan
57%
Kazakhstan
57%
Kosovo
57%
Laos
57%
Latvia
57%
Lead
57%
Lithium
57%
Lithuania
57%
Malawi
57%
Malaysia
57%
Marshall Islands
57%
Monaco
57%
Morocco
57%
Myanmar
57%
Namibia
57%
Neon
57%
Nepal
57%
Netherlands
57%
New Zealand
57%
North Korea
57%
North Macedonia
57%
Norway
57%
Pakistan
57%
Philippines
57%
Potassium
57%
Qatar
57%
Republic of the Congo
57%
Romania
57%
Saint Kitts and Nevis
57%
Saint Lucia
57%
Samoa
57%
Saudi Arabia
57%
Serbia
57%
Seychelles
57%
Slovakia
57%
Slovenia
57%
Sodium
57%
Suriname
57%
Sweden
57%
Switzerland
57%
Syria
57%
Tajikistan
57%
Thailand
57%
Tin
57%
Togo
57%
Trinidad and Tobago
57%
Tuvalu
57%
Vietnam
57%
Xenon
57%
Yemen
57%
Zambia
57%
Aluminium
50%
Andorra
50%
Angola
50%
Antigua and Barbuda
50%
Argon
50%
Armenia
50%
Bangladesh
50%
Belarus
50%
Belize
50%
Beryllium
50%
Bhutan
50%
Bosnia and Herzegovina
50%
Brunei
50%
Comoros
50%
Cyprus
50%
Djibouti
50%
East Timor
50%
Eritrea
50%
Eswatini
50%
Ethiopia
50%
Fluorine
50%
Gabon
50%
Germanium
50%
Grenada
50%
Guinea
50%
Guinea-Bissau
50%
Iodine
50%
Iron
50%
Kyrgyzstan
50%
Lebanon
50%
Lesotho
50%
Liberia
50%
Liechtenstein
50%
Luxembourg
50%
Magnesium
50%
Maldives
50%
Mali
50%
Mauritania
50%
Mauritius
50%
Moldova
50%
Montenegro
50%
Nitrogen
50%
Papua New Guinea
50%
Radon
50%
Saint Vincent and the Grenadines
50%
São Tomé and Príncipe
50%
Solomon Islands
50%
Somalia
50%
Sri Lanka
50%
Taiwan
50%
Tanzania
50%
Uganda
50%
Uranium
50%
Vanuatu
50%
Vatican City
50%
Zinc
50%
Barium
43%
Bromine
43%
Burundi
43%
Calcium
43%
Californium
43%
Cesium
43%
Chlorine
43%
Cobalt
43%
Curium
43%
Gambia
43%
Kiribati
43%
Krypton
43%
Malta
43%
Manganese
43%
Nauru
43%
Neptunium
43%
Nickel
43%
Palau
43%
San Marino
43%
Selenium
43%
Sierra Leone
43%
Silver
43%
Singapore
43%
Tonga
43%
Zirconium
43%
Antimony
36%
Burkina Faso
36%
Copper
36%
Einsteinium
36%
Europium
36%
Gallium
36%
Mercury
36%
Moscovium
36%
Phosphorus
36%
Platinum
36%
Radium
36%
Senegal
36%
Silicon
36%
Sulfur
36%
Titanium
36%
Vanadium
36%
Americium
29%
Arsenic
29%
Berkelium
29%
Bismuth
29%
Cerium
29%
Chromium
29%
Dysprosium
29%
Francium
29%
Indium
29%
Lutetium
29%
Mendelevium
29%
Molybdenum
29%
Neodymium
29%
Niobium
29%
Oganesson
29%
Osmium
29%
Palladium
29%
Plutonium
29%
Polonium
29%
Rutherfordium
29%
Technetium
29%
Tennessine
29%
Thulium
29%
Ytterbium
29%
Yttrium
29%
Actinium
21%
Astatine
21%
Bohrium
21%
Cadmium
21%
Copernicium
21%
Darmstadtium
21%
Dubnium
21%
Erbium
21%
Fermium
21%
Gadolinium
21%
Hafnium
21%
Hassium
21%
Holmium
21%
Iridium
21%
Lanthanum
21%
Lawrencium
21%
Livermorium
21%
Meitnerium
21%
Nihonium
21%
Nobelium
21%
Praseodymium
21%
Promethium
21%
Protactinium
21%
Rhenium
21%
Rhodium
21%
Roentgenium
21%
Rubidium
21%
Ruthenium
21%
Samarium
21%
Scandium
21%
Seaborgium
21%
Strontium
21%
Tantalum
21%
Tellurium
21%
Terbium
21%
Thallium
21%
Thorium
21%
Tungsten
21%
Flerovium
14%
No matching quizzes found
Score Distribution
Percent of People with Each Score
Percentile by Number Answered
Your Score History
You have not taken this quiz since the last reset